000 00801cam a2200253 4500
001 J2304
008 090401t1994 xxu||||| |||| 00| 0 eng d
035 _a(Sirsi) u48228
041 _aeng
050 _a336.21026
100 _aJackson, Edward
245 _aJackson`s leading cases on the law of rating.
260 _aLiverpool
_bLiverpool John Moores University
_c1994
300 _a273,(17)p. ; 30cm.
350 _a0
520 _aA reprint of a work originally published by Butterworths in 1963. This edition published jointly with the RICS Rating Diploma Section.
650 _aJACKSONS LEADING CASES ON THE LAW OF RATING
650 _aLAW CASES
650 _aRATES
650 _aRICS RATING DIPLOMA SECTION
690 _aRATING AND VALUATION
942 _n0
948 _c04/03/1997
999 _c92304
_d92304